| 000 | 00454nam a22001697a 4500 | ||
|---|---|---|---|
| 005 | 20251121120540.0 | ||
| 008 | 251121b |||||||| |||| 00| 0 eng d | ||
| 020 | _a9788131774502 | ||
| 050 |
_aHA 29 .S73 2013 2013 _b5 |
||
| 100 | _aLEVIN, RICHARD I. | ||
| 245 | _aSTRATEGIES FOR MANAGEMENT | ||
| 250 | _a7TH | ||
| 260 |
_aINDIA _bPEARSON EDUCATION INC. _c2013 |
||
| 300 | _aXVI, 999P., ILLUSTRATIONS | ||
| 500 | _aINCLUDES INDEX | ||
| 942 |
_2lcc _cBK |
||
| 999 |
_c216254 _d216254 |
||